000 00627nam a2200181 a 4500
008 120416s1965 ||||||||||||||||| || u
050 _aQA 533 Spa
100 _aSparks, Fred Winchell
245 1 0 _aPlane trigonometry
250 _a5th.ed
260 _aEnglewood Cliffs, N.J.
_bFT Prentice-Hall
_c1965
300 _ax,309p.invarious pagin:ill
350 _a0.00
650 _aPLANE TRIGONOMETRY
650 0 _aMATHEMATICS--HANDBOOKS, MANUALS, ETC
700 _aRees,Paul.K
995 _D0.00
_FCBU-MAIN LIBRARY (Kitwe)
_H1
_I10.45
_M1
_UDAMAGED
_ZMain Library Open Access Collection
999 _c53671
_d53671